|
|
|
|
| LEADER |
01727nam a22003614a 4500 |
| 001 |
EBC3417080 |
| 003 |
MiAaPQ |
| 005 |
20200520144314.0 |
| 006 |
m o d | |
| 007 |
cr cn||||||||| |
| 008 |
020808s2002 miua sb 001 0 eng |
| 020 |
|
|
|z 088099245X (pbk. : alk. paper)
|
| 020 |
|
|
|z 0880992468 (hardcover : alk. paper)
|
| 035 |
|
|
|a (MiAaPQ)EBC3417080
|
| 035 |
|
|
|a (Au-PeEL)EBL3417080
|
| 035 |
|
|
|a (CaPaEBR)ebr10103871
|
| 035 |
|
|
|a (OCoLC)53012006
|
| 040 |
|
|
|a MiAaPQ
|c MiAaPQ
|d MiAaPQ
|
| 043 |
|
|
|a n-us---
|
| 050 |
|
4 |
|a HD4904.25
|b .E29 2002
|
| 082 |
0 |
4 |
|a 306.3/6
|2 21
|
| 245 |
0 |
4 |
|a The economics of work and family
|h [electronic resource] /
|c Jean Kimmel and Emily P. Hoffman, editors.
|
| 260 |
|
|
|a Kalamazoo, Mich. :
|b W.E. Upjohn Institute for Employment Research,
|c 2002.
|
| 300 |
|
|
|a vii, 191 p. :
|b ill.
|
| 504 |
|
|
|a Includes bibliographical references and index.
|
| 505 |
0 |
|
|t Federal child care policy /
|r David M. Blau --
|t Thinking about child care policy /
|r Barbara R. Bergmann --
|t Parents' work time and the family /
|r Cordelia W. Reimers --
|t Fertility, public policy, and mothers in the labor force /
|r Susan L. Averett --
|t How family structure affects labor market outcomes /
|r Joyce P. Jacobsen --
|t Working for all families? /
|r Katherin [sic] Ross Phillips.
|
| 533 |
|
|
|a Electronic reproduction. Ann Arbor, MI : ProQuest, 2015. Available via World Wide Web. Access may be limited to ProQuest affiliated libraries.
|
| 650 |
|
0 |
|a Work and family
|z United States.
|
| 655 |
|
4 |
|a Electronic books.
|
| 700 |
1 |
|
|a Kimmel, Jean.
|
| 700 |
1 |
|
|a Hoffman, Emily P.
|
| 710 |
2 |
|
|a ProQuest (Firm)
|
| 856 |
4 |
0 |
|u https://ebookcentral.proquest.com/lib/matrademy/detail.action?docID=3417080
|z Click to View
|